000 00462nam a2200169Ia 4500
003 GCL
008 140319s9999 xx 000 0 ara d
040 _aGCL /
_cGCL
082 0 4 _aد
_b050
100 1 _aامينة السعيد
245 1 0 _aابناؤنا المنحرفون ( اقرا 392 ) /
_cامينة السعيد
300 _a239
490 _aاقرأ
_v0
650 0 4 _aالتراجم الذاتية
650 0 4 _aالانحراف
942 _2ddc
_cBK
999 _c48891
_d48891